[Event "4NCL league"]
[Site "?"]
[Date "1993.10.03"]
[Round "?"]
[White "Stebbings, A."]
[Black "Quillan, G."]
[Result "1/2-1/2"]
[WhiteElo "2312"]
[BlackElo "2280"]
[PlyCount "158"]
[EventDate "1993.??.??"]

1. e4 e6 2. d4 d5 3. Nd2 Nf6 4. e5 Nfd7 5. f4 c5 6. c3 Nc6 7. Ndf3 Qb6 8. g3
cxd4 9. cxd4 Bb4+ 10. Kf2 g5 11. h3 gxf4 12. gxf4 f6 13. Be3 Be7 14. Qd2 fxe5
15. fxe5 Nf8 16. Ne2 Ng6 17. Bg2 Bd7 18. Kg3 Rg8 19. Kh2 O-O-O 20. Rhf1 Rdf8
21. Rac1 Kb8 22. Nc3 Qd8 23. Rf2 Rf5 24. Rcf1 Rh5 25. Ng1 Nh4 26. Bf3 Nxf3+ 27.
Rxf3 Be8 28. Nge2 Bg5 29. Rf8 Bxe3 30. Qxe3 Rhg5 31. Qf4 R5g6 32. Rxg8 Rxg8 33.
Qf6 Qd7 34. Rg1 Rxg1 35. Kxg1 a6 36. Kf2 Bg6 37. Ke3 Ne7 38. b3 Nf5+ 39. Kd2
Qc8 40. a3 Bh5 41. Kd3 Qg8 42. Kd2 Ka7 43. a4 Qg2 44. Qf8 Qg5+ 45. Ke1 Qh4+ 46.
Kd2 Qg5+ 47. Ke1 Qh4+ 48. Kd2 Qxh3 49. Qc5+ Kb8 50. Qf8+ Ka7 51. Qc5+ Kb8 52.
Qf8+ Kc7 53. Qc5+ Kd7 54. Qb6 Qe3+ 55. Ke1 Bxe2 56. Nxe2 h5 57. Qxb7+ Ke8 58.
Qxa6 Kf7 59. Qb7+ Ne7 60. Qb4 Nf5 61. Qd2 Qxb3 62. Qg5 Ng7 63. Nf4 Qe3+ 64. Kf1
Qf3+ 65. Kg1 Qe3+ 66. Kg2 Qe4+ 67. Kf1 Qf5 68. Qxf5+ Nxf5 69. a5 Nxd4 70. Nxh5
Nc6 71. a6 Kg6 72. Nf6 Kf5 73. Nd7 Ke4 74. Ke2 Kd4 75. Kd2 Kc4 76. Nf8 Kb5 77.
Nxe6 Kxa6 78. Nc7+ Kb7 79. Nxd5 Nxe5 1/2-1/2

[Event "London league"]
[Site "?"]
[Date "1993.10.07"]
[Round "?"]
[White "Stebbings, A."]
[Black "Harley, A."]
[Result "1/2-1/2"]
[WhiteElo "2312"]
[BlackElo "2400"]
[PlyCount "46"]
[EventDate "1993.??.??"]

1. d4 e6 2. c4 Nf6 3. Nc3 Bb4 4. e3 c5 5. Nge2 cxd4 6. exd4 d5 7. c5 Ne4 8. Bd2
Nxd2 9. Qxd2 Qf6 10. a3 Ba5 11. b4 Bd8 12. Qe3 O-O 13. g3 b6 14. Bg2 bxc5 15.
bxc5 Nc6 16. O-O Ba6 17. Rab1 Bc4 18. Rfd1 Ba5 19. Bf1 Rab8 20. Nc1 Rxb1 21.
Nxb1 Rb8 22. Bxc4 dxc4 23. Nc3 Ne7 1/2-1/2

[Event "Kent league"]
[Site "?"]
[Date "1993.10.26"]
[Round "?"]
[White "Brown, SD."]
[Black "Stebbings, A."]
[Result "0-1"]
[WhiteElo "2256"]
[BlackElo "2312"]
[PlyCount "73"]
[EventDate "1993.??.??"]

1. d4 Nf6 2. c4 e6 3. Nf3 Bb4+ 4. Nbd2 b6 5. g3 Bb7 6. Bg2 c5 7. d5 exd5 8. Nh4
Bc6 9. cxd5 Nxd5 10. O-O Bxd2 11. Qxd2 Ne7 12. Qd6 Bxg2 13. Nxg2 Nbc6 14. Rd1
Nd4 15. e3 Ndf5 16. Qf4 d5 17. b4 O-O 18. Bb2 Qd6 19. Be5 Qe6 20. Bc3 d4 21.
exd4 Nd5 22. Qd2 Nxc3 23. Qxc3 Nxd4 24. Nf4 Qe4 25. bxc5 bxc5 26. Rd3 Rac8 27.
Re1 Qb7 28. h4 Rfd8 29. Rde3 h6 30. Re7 Rd7 31. Re8+ Rxe8 32. Rxe8+ Kh7 33. Re3
Qb1+ 34. Kh2 Qxa2 35. Qd3+ g6 36. Kg2 Qc2 37. Qa6 0-1

[Event "London league"]
[Site "?"]
[Date "1993.11.02"]
[Round "?"]
[White "Inzani, M."]
[Black "Stebbings, A."]
[Result "1/2-1/2"]
[WhiteElo "2176"]
[BlackElo "2312"]
[PlyCount "63"]
[EventDate "1993.??.??"]

1. d4 Nf6 2. Nf3 e6 3. c4 Bb4+ 4. Nbd2 b6 5. g3 Ba6 6. a3 Bxd2+ 7. Nxd2 Bb7 8.
Nf3 d6 9. Bg2 O-O 10. O-O Nbd7 11. h3 Qe7 12. Be3 c5 13. dxc5 Nxc5 14. b4 Nce4
15. Rc1 Rac8 16. Qa4 Bc6 17. Qb3 e5 18. Qb2 Rfe8 19. Rfd1 Qe6 20. Ng5 Nxg5 21.
Bxg5 Bxg2 22. Kxg2 Ne4 23. Be3 Rxc4 24. Rxc4 Qxc4 25. f3 Nc3 26. Rxd6 h5 27.
Kf2 Rc8 28. Qd2 Nb5 29. Rd8+ Rxd8 30. Qxd8+ Kh7 31. Qg5 Nc3 32. Qxh5+ 1/2-1/2

[Event "Kent league"]
[Site "?"]
[Date "1993.11.16"]
[Round "?"]
[White "Brougham, M."]
[Black "Stebbings, A."]
[Result "1/2-1/2"]
[WhiteElo "1984"]
[BlackElo "2312"]
[PlyCount "50"]
[EventDate "1993.??.??"]

1. d4 Nf6 2. Nf3 e6 3. Bg5 c5 4. c3 cxd4 5. cxd4 Qa5+ 6. Bd2 Qb6 7. Bc3 Ne4 8.
Nbd2 Nxc3 9. bxc3 d5 10. Qb3 Qa5 11. e3 b6 12. Qb5+ Qxb5 13. Bxb5+ Bd7 14.
Bxd7+ Nxd7 15. c4 dxc4 16. Nxc4 Bb4+ 17. Ke2 Ke7 18. Rhc1 Rhc8 19. a3 Bd6 20.
Nxd6 Kxd6 21. a4 a6 22. Nd2 Rab8 23. Nc4+ Ke7 24. Nd2 f6 25. Rab1 Kd8 1/2-1/2

[Event "National Club ch."]
[Site "?"]
[Date "1993.11.20"]
[Round "?"]
[White "Tucker, A."]
[Black "Stebbings, A."]
[Result "1/2-1/2"]
[WhiteElo "2040"]
[BlackElo "2312"]
[PlyCount "71"]
[EventDate "1993.??.??"]

1. d4 Nf6 2. Bg5 Ne4 3. Bf4 d5 4. Nd2 Bf5 5. e3 e6 6. Bd3 Nxd2 7. Qxd2 c6 8.
Nf3 Be7 9. O-O Nd7 10. c4 Nf6 11. h3 O-O 12. Rfc1 Bxd3 13. Qxd3 Ne4 14. Rab1 g5
15. Bh2 Bd6 16. Bxd6 Qxd6 17. b4 a6 18. c5 Qc7 19. a4 h5 20. Nd2 f5 21. f3 Ng3
22. Nf1 Kg7 23. Nxg3 Qxg3 24. Qe2 e5 25. Qf2 Qxf2+ 26. Kxf2 Rfe8 27. Rc2 f4 28.
exf4 exf4 29. Re1 Rxe1 30. Kxe1 Re8+ 31. Re2 Rxe2+ 32. Kxe2 Kf6 33. Kd3 Kf5 34.
Kc3 g4 35. h4 g3 36. a5 1/2-1/2

[Event "London league"]
[Site "?"]
[Date "1993.12.02"]
[Round "?"]
[White "Stebbings, A."]
[Black "Sugden, J."]
[Result "1-0"]
[WhiteElo "2312"]
[BlackElo "2136"]
[PlyCount "89"]
[EventDate "1993.??.??"]

1. d4 c5 2. e3 cxd4 3. exd4 d5 4. c4 Nf6 5. Nc3 g6 6. Qb3 Bg7 7. cxd5 O-O 8.
Be2 Na6 9. Bf3 Bg4 10. Bxg4 Nxg4 11. Nf3 Qb6 12. Qxb6 axb6 13. O-O Nb4 14. Bg5
Nf6 15. d6 exd6 16. Bxf6 Bxf6 17. a3 Nc6 18. Rad1 Ra5 19. Rfe1 Rd8 20. g3 d5
21. Kg2 b5 22. Re2 b4 23. axb4 Nxb4 24. Ne5 Nc6 25. f4 h5 26. Kf3 Kg7 27. Ke3
Ne7 28. Kd3 Nf5 29. Ree1 b5 30. Nc6 Rda8 31. Nxa5 Rxa5 32. Nxd5 Bxd4 33. Rd2
Bc5 34. Rc1 Bf8 35. Rc7 Nd6 36. Re2 Ra1 37. Kc2 Ra6 38. Kb1 Nf5 39. Rd7 Nd6 40.
Nc7 Rc6 41. Ne6+ Kg8 42. Nxf8 Kxf8 43. Rc2 Rb6 44. Rcc7 Kg7 45. Kc2 1-0

[Event "County match"]
[Site "?"]
[Date "1993.12.04"]
[Round "?"]
[White "Rogers, J."]
[Black "Stebbings, A."]
[Result "0-1"]
[WhiteElo "2280"]
[BlackElo "2312"]
[PlyCount "78"]
[EventDate "1993.??.??"]

1. d4 Nf6 2. Bg5 Ne4 3. Bf4 c5 4. f3 Qa5+ 5. c3 Nf6 6. d5 Qb6 7. b3 e6 8. e4
exd5 9. exd5 Bd6 10. Be3 O-O 11. Kf2 Re8 12. Na3 a6 13. Nc4 Qc7 14. Nxd6 Qxd6
15. c4 Qe7 16. Qd2 d6 17. Re1 Nbd7 18. Bd3 Ne5 19. h3 b5 20. Ne2 Nxd3+ 21. Qxd3
bxc4 22. bxc4 Bf5 23. Qc3 Nd7 24. g4 Bg6 25. h4 Ne5 26. Nf4 Qf6 27. Rc1 Bd3 28.
Bd2 Bxc4 29. Nh5 Qd8 30. f4 Bxd5 31. fxe5 Bxh1 32. Bg5 Qd7 33. Nxg7 Rxe5 34.
Bf6 Qxg4 35. Bxe5 Qg2+ 36. Ke3 dxe5 37. Qxe5 Qf3+ 38. Kd2 Rd8+ 39. Kc2 Qe4+ 0-1

[Event "Kent league"]
[Site "?"]
[Date "1993.12.09"]
[Round "?"]
[White "Stebbings, A."]
[Black "Sugden, J."]
[Result "1/2-1/2"]
[WhiteElo "2312"]
[BlackElo "2136"]
[PlyCount "43"]
[EventDate "1993.??.??"]

1. c4 g6 2. d4 Nf6 3. Nc3 Bg7 4. e4 d6 5. f3 O-O 6. Be3 e5 7. Nge2 c6 8. Qd2
Nbd7 9. O-O-O a6 10. Kb1 Qa5 11. Nc1 b5 12. dxe5 dxe5 13. Nb3 Qc7 14. Qd6 Qxd6
15. Rxd6 Nb8 16. Be2 Ne8 17. Rd2 Nc7 18. Nc5 Ne6 19. Nxe6 Bxe6 20. Rhd1 Bf6 21.
a3 Rc8 22. Kc2 1/2-1/2

[Event "London league"]
[Site "?"]
[Date "1993.12.13"]
[Round "?"]
[White "Stebbings, A."]
[Black "Burke, J."]
[Result "1/2-1/2"]
[WhiteElo "2312"]
[BlackElo "1992"]
[PlyCount "61"]
[EventDate "1993.??.??"]

1. e4 c5 2. Nf3 Nc6 3. d4 cxd4 4. Nxd4 e5 5. Nb5 d6 6. Be3 Nf6 7. Bg5 Be7 8.
Bxf6 gxf6 9. Bc4 Be6 10. Bxe6 fxe6 11. Qh5+ Kf8 12. Nd2 Qb6 13. a4 Nd4 14. Nxd4
Qxd4 15. Qh6+ Kf7 16. O-O Rag8 17. c3 Qd3 18. Rad1 Rg5 19. Rfe1 Bf8 20. Qh4
Rhg8 21. g3 R8g7 22. Qh3 h5 23. Kg2 Qa6 24. Nf3 R5g6 25. Qxh5 Ke7 26. Nh4 Rh6
27. Qxh6 Rxg3+ 28. hxg3 Bxh6 29. b3 Qc6 30. c4 Kf7 31. Kg1 1/2-1/2

[Event "London league"]
[Site "?"]
[Date "1994.01.10"]
[Round "?"]
[White "Stebbings, A."]
[Black "Allicock, R."]
[Result "1/2-1/2"]
[WhiteElo "2312"]
[BlackElo "2144"]
[PlyCount "122"]
[EventDate "1994.??.??"]

1. e4 e5 2. Nf3 Nc6 3. Bb5 Nf6 4. d4 exd4 5. O-O Be7 6. Re1 O-O 7. e5 Ne8 8.
Bf4 d5 9. Bxc6 bxc6 10. Nxd4 Bd7 11. c4 Rb8 12. Qe2 Kh8 13. Nc3 c5 14. Nb3 d4
15. Ne4 Bf5 16. Nexc5 d3 17. Qe3 Rb4 18. Rad1 Rxc4 19. Nxd3 g5 20. Bg3 Re4 21.
Qc1 Qa8 22. Ndc5 Rxe1+ 23. Rxe1 Ng7 24. Rd1 Qc6 25. Qe3 a5 26. Rc1 a4 27. Nd3
Qd5 28. Nbc5 Rd8 29. Ne1 Qxa2 30. Qc3 Qd5 31. e6 Bxc5 32. Qxc5 Qxc5 33. Rxc5
Rd1 34. f4 Bxe6 35. fxg5 Rb1 36. Ra5 Bd7 37. Kf1 Kg8 38. Be5 Ne8 39. Kf2 Kf8
40. Nd3 Ke7 41. Nc5 Nd6 42. Bf6+ Ke8 43. Ra8+ Bc8 44. Rxa4 Rc1 45. Bc3 Ke7 46.
h3 Nb5 47. Bf6+ Kd6 48. Nd3 Rc2+ 49. Kg3 Bb7 50. Nf4 c5 51. Ra1 Nd4 52. Rd1
Rxb2 53. Bxd4 cxd4 54. Rxd4+ Ke5 55. Nd3+ Kxd4 56. Nxb2 Ke5 57. Nc4+ Ke6 58.
Ne3 f6 59. Kf4 fxg5+ 60. Kxg5 Kf7 61. g3 Be4 1/2-1/2

[Event "Kent league"]
[Site "?"]
[Date "1994.01.18"]
[Round "?"]
[White "Stebbings, A."]
[Black "Chandler, C."]
[Result "1/2-1/2"]
[WhiteElo "2312"]
[BlackElo "2288"]
[PlyCount "72"]
[EventDate "1994.??.??"]

1. d4 d5 2. c4 e6 3. Nc3 c5 4. cxd5 exd5 5. Nf3 Nc6 6. g3 Nf6 7. Bg2 Be7 8. O-O
O-O 9. Bg5 cxd4 10. Nxd4 h6 11. Be3 Re8 12. Rc1 Bf8 13. Nxc6 bxc6 14. Na4 Ng4
15. Bc5 Ba6 16. Re1 Qf6 17. Bd4 Qg6 18. Nc5 Bc8 19. Nd3 Bf5 20. h3 Bxd3 21.
Qxd3 Qxd3 22. exd3 c5 23. Bc3 Nf6 24. Bxf6 gxf6 25. Bxd5 Rad8 26. Bc4 f5 27. b3
Bg7 28. Bb5 Rxe1+ 29. Rxe1 Bf6 30. Kg2 Kg7 31. Kf3 Kg6 32. h4 Rb8 33. Bc4 Rf8
34. Kf4 Bd8 35. Re2 Kf6 36. Kf3 Bc7 1/2-1/2

[Event "London league"]
[Site "?"]
[Date "1994.01.26"]
[Round "?"]
[White "Martin, B."]
[Black "Stebbings, A."]
[Result "1-0"]
[WhiteElo "2360"]
[BlackElo "2312"]
[PlyCount "61"]
[EventDate "1994.??.??"]

1. e4 c5 2. Nf3 e6 3. d4 cxd4 4. Nxd4 Nc6 5. Nc3 Qc7 6. Be2 a6 7. Be3 Nf6 8.
O-O Bb4 9. Nxc6 bxc6 10. Qd4 c5 11. Qc4 Bb7 12. Bf3 Qe5 13. Ne2 Bxe4 14. Bxe4
Nxe4 15. c3 Ba5 16. Rad1 Bb6 17. Bf4 Qf5 18. f3 Nf6 19. Bd6 Nd5 20. Ng3 Qg6 21.
Rfe1 Ne7 22. Qb3 Nc8 23. Qa4 Ra7 24. Ne4 Nxd6 25. Rxd6 Bd8 26. Nxc5 Be7 27.
Nxd7 Bxd6 28. Ne5+ Ke7 29. Nxg6+ hxg6 30. g3 Bc5+ 31. Kg2 1-0

[Event "Kent league"]
[Site "?"]
[Date "1994.02.02"]
[Round "?"]
[White "Gravely, C."]
[Black "Stebbings, A."]
[Result "0-1"]
[WhiteElo "2040"]
[BlackElo "2312"]
[PlyCount "64"]
[EventDate "1994.??.??"]

1. e4 c5 2. Nf3 e6 3. d4 cxd4 4. Nxd4 Nc6 5. c4 Nf6 6. Nxc6 bxc6 7. Bd3 d5 8.
cxd5 cxd5 9. Nc3 Be7 10. O-O O-O 11. exd5 exd5 12. b3 Bg4 13. f3 Qb6+ 14. Kh1
Be6 15. Bb2 Rfd8 16. Qe2 d4 17. Ne4 Nd5 18. Bc1 Rac8 19. Bd2 Nc3 20. Nxc3 dxc3
21. Be3 Qa5 22. Rac1 Bf6 23. Rc2 Rc7 24. Be4 Rcd7 25. h3 h6 26. Rfc1 Bf5 27.
Bxf5 Qxf5 28. Qf2 a5 29. Qe2 Rd3 30. Qf2 Qd5 31. Kh2 Qe5+ 32. Kh1 Qxe3 0-1

[Event "National Club ch."]
[Site "?"]
[Date "1994.02.05"]
[Round "?"]
[White "Stebbings, A."]
[Black "Law, A."]
[Result "0-1"]
[WhiteElo "2312"]
[BlackElo "2368"]
[PlyCount "92"]
[EventDate "1994.??.??"]

1. e4 e5 2. Nf3 Nc6 3. Bb5 a6 4. Ba4 Nf6 5. d4 exd4 6. O-O Be7 7. Re1 O-O 8. e5
Ne8 9. Bf4 b5 10. Bb3 d5 11. c3 Bg4 12. h3 Bh5 13. g4 Bg6 14. cxd4 Nb4 15. Re3
a5 16. a3 a4 17. axb4 axb3 18. Rxa8 Qxa8 19. Rxb3 c6 20. Bg5 Bxg5 21. Nxg5 Qa1
22. Nc3 Qxd1+ 23. Nxd1 Bc2 24. Rc3 Bxd1 25. Rxc6 h6 26. e6 fxe6 27. Nxe6 Rf6
28. f4 Nc7 29. f5 Nxe6 30. fxe6 Kf8 31. Kg2 g5 32. Rb6 Be2 33. Rb7 Rxe6 34. Kf2
Bd3 35. Rd7 Re2+ 36. Kf3 Re7 37. Rd6 Kg7 38. Rd8 Rf7+ 39. Kg3 Be4 40. Rb8 Rf3+
41. Kh2 Rf2+ 42. Kg1 Rg2+ 43. Kf1 Rxb2 44. Rb7+ Kf8 45. Rb6 Rxb4 46. Rxh6 Rxd4
0-1

[Event "London league"]
[Site "?"]
[Date "1994.02.17"]
[Round "?"]
[White "Cawte, P."]
[Black "Stebbings, A."]
[Result "1-0"]
[WhiteElo "2232"]
[BlackElo "2312"]
[PlyCount "45"]
[EventDate "1994.??.??"]

1. g3 d5 2. Bg2 c6 3. b3 Bg4 4. Bb2 Nd7 5. Nf3 e6 6. O-O Ngf6 7. c4 Bd6 8. d4
Qb8 9. Nbd2 O-O 10. Re1 Re8 11. e4 dxe4 12. Nxe4 Nxe4 13. Rxe4 f5 14. Re1 e5
15. dxe5 Nxe5 16. c5 Bxc5 17. Rxe5 Rxe5 18. Bxe5 Bxf3 19. Qe1 Qf8 20. Bxf3 Re8
21. Qc3 Bb4 22. Qc4+ Kh8 23. Bc3 1-0

[Event "Kent league"]
[Site "?"]
[Date "1994.02.24"]
[Round "?"]
[White "Stebbings, A."]
[Black "Lee, T."]
[Result "1-0"]
[WhiteElo "2312"]
[BlackElo "2008"]
[PlyCount "43"]
[EventDate "1994.??.??"]

1. d4 Nf6 2. c4 e5 3. dxe5 Ng4 4. Bf4 Nc6 5. Nf3 Bb4+ 6. Nbd2 Qe7 7. e3 Ngxe5
8. Nxe5 Nxe5 9. Be2 d6 10. O-O Bxd2 11. Qxd2 O-O 12. Rac1 b6 13. Rfd1 Bb7 14.
b4 Nd7 15. Qb2 g5 16. Bg3 h5 17. c5 dxc5 18. Bxc7 g4 19. Rc4 f5 20. Bd6 Qf6 21.
Qxf6 Rxf6 22. Be7 1-0

[Event "London league"]
[Site "?"]
[Date "1994.03.03"]
[Round "?"]
[White "Stebbings, A."]
[Black "Piper, M."]
[Result "1/2-1/2"]
[WhiteElo "2312"]
[BlackElo "2224"]
[PlyCount "61"]
[EventDate "1994.??.??"]

1. d4 Nf6 2. c4 e6 3. Nc3 Bb4 4. e3 c5 5. Nge2 cxd4 6. exd4 d5 7. c5 Ne4 8. Bd2
Nc6 9. Nxe4 dxe4 10. Bxb4 Nxb4 11. Nc3 f5 12. Bb5+ Bd7 13. O-O Bxb5 14. Nxb5
O-O 15. Qd2 Nd5 16. Nd6 b6 17. b4 Qh4 18. a4 Rf6 19. Ra3 Nf4 20. Rg3 Rh6 21. h3
Nd5 22. Rc1 e3 23. Rxe3 Qg5 24. c6 Rg6 25. g3 f4 26. Re5 Qe7 27. Rxd5 exd5 28.
c7 Qxd6 29. c8=Q+ Rxc8 30. Rxc8+ Kf7 31. Qc2 1/2-1/2

[Event "Kent league"]
[Site "?"]
[Date "1994.03.09"]
[Round "?"]
[White "Ropek, A."]
[Black "Stebbings, A."]
[Result "1-0"]
[WhiteElo "1960"]
[BlackElo "2312"]
[PlyCount "105"]
[EventDate "1994.??.??"]

1. d4 Nf6 2. Nf3 e6 3. e3 b6 4. Bd3 Bb7 5. Nbd2 c5 6. c3 cxd4 7. exd4 Be7 8.
Qe2 Nd5 9. Ne4 Qc7 10. Ne5 Nc6 11. f4 O-O 12. O-O f5 13. Ng5 Nf6 14. Ba6 h6 15.
Bxb7 Qxb7 16. Ngf3 Rac8 17. Bd2 Ne4 18. Be1 d5 19. Nd2 Nxe5 20. fxe5 Nxd2 21.
Bxd2 Kh7 22. Qh5 Qd7 23. Rf3 Qe8 24. Qxe8 Rfxe8 25. Raf1 b5 26. a3 a5 27. Ra1
Rb8 28. Kf2 g5 29. h3 Kg6 30. Ke2 Rec8 31. Rff1 h5 32. Kd3 h4 33. b4 axb4 34.
axb4 Ra8 35. Rfb1 Bd8 36. Bc1 Bb6 37. Bb2 Rg8 38. Rxa8 Rxa8 39. Ra1 Rxa1 40.
Bxa1 g4 41. Bb2 Bd8 42. Bc1 Bg5 43. Bxg5 Kxg5 44. Ke3 f4+ 45. Kf2 Kf5 46. hxg4+
Kxg4 47. c4 dxc4 48. d5 c3 49. dxe6 c2 50. e7 c1=Q 51. e8=Q Qb2+ 52. Kf1 Qxb4
53. Qg6# 1-0

[Event "National Club ch."]
[Site "?"]
[Date "1994.03.12"]
[Round "?"]
[White "Stebbings, A."]
[Black "Smith, GM."]
[Result "1/2-1/2"]
[WhiteElo "2312"]
[BlackElo "2016"]
[PlyCount "62"]
[EventDate "1994.??.??"]

1. d4 e6 2. c4 f5 3. g3 Nf6 4. Bg2 d5 5. Nf3 c6 6. O-O Bd6 7. b3 Qe7 8. Nc3 O-O
9. Bb2 Bd7 10. e3 Be8 11. Ne2 Nbd7 12. Nf4 Rd8 13. Qc2 Ne4 14. Ne5 Nxe5 15.
dxe5 Bc7 16. Rad1 Bb6 17. Bd4 c5 18. Bb2 Bc6 19. Ba3 g5 20. Ne2 g4 21. Nf4 Rfe8
22. f3 gxf3 23. Bxf3 Qg5 24. Bxe4 dxe4 25. Rxd8 Rxd8 26. Rd1 Kf7 27. Rxd8 Qxd8
28. Qe2 Qg5 29. Qd1 a6 30. Qd6 Qe7 31. Qd1 Qg5 1/2-1/2

[Event "Kent league"]
[Site "?"]
[Date "1994.04.23"]
[Round "?"]
[White "Wills, M."]
[Black "Stebbings, A."]
[Result "1/2-1/2"]
[WhiteElo "2072"]
[BlackElo "2312"]
[PlyCount "80"]
[EventDate "1994.??.??"]

1. g3 g6 2. Bg2 Bg7 3. c4 c5 4. e3 Nc6 5. Ne2 e5 6. Nbc3 Nge7 7. O-O d6 8. d3
O-O 9. a3 Be6 10. Nd5 Rb8 11. Nec3 a6 12. Rb1 Qd7 13. b4 cxb4 14. axb4 b5 15.
cxb5 axb5 16. Bd2 Nxd5 17. Nxd5 Ne7 18. Nxe7+ Qxe7 19. Bc3 f5 20. f4 Rfc8 21.
Rc1 exf4 22. Bxg7 Qxg7 23. gxf4 Qb2 24. Rb1 Qc3 25. Rf2 Rc7 26. Qd2 Rbc8 27.
Qxc3 Rxc3 28. Bf1 Rc1 29. Rxc1 Rxc1 30. Rb2 Kf7 31. Kf2 Kf6 32. Bg2 h6 33. h4
g5 34. hxg5+ hxg5 35. fxg5+ Kxg5 36. Ke2 Rc7 37. Kd2 f4 38. exf4+ Kxf4 39. Rc2
Rxc2+ 40. Kxc2 Bd7 1/2-1/2

[Event "National Club ch."]
[Site "?"]
[Date "1994.04.30"]
[Round "?"]
[White "Habershon, P."]
[Black "Stebbings, A."]
[Result "0-1"]
[WhiteElo "2024"]
[BlackElo "2312"]
[PlyCount "112"]
[EventDate "1994.??.??"]

1. e4 c5 2. Nc3 Nc6 3. f4 g6 4. Nf3 Bg7 5. Bc4 e6 6. f5 Nge7 7. fxe6 fxe6 8. d3
d5 9. Bb3 b5 10. a3 c4 11. Ba2 a6 12. O-O O-O 13. Bg5 h6 14. Bh4 dxe4 15. Nxe4
Bxb2 16. dxc4 Qxd1 17. Raxd1 Bxa3 18. Bf6 bxc4 19. Bxc4 Rb8 20. Ne5 Rb4 21.
Bxe7 Nxe7 22. Rxf8+ Kxf8 23. c3 Rb2 24. Nxg6+ Nxg6 25. Rd8+ Ke7 26. Rxc8 Nf4
27. Rc7+ Kd8 28. Rg7 a5 29. h3 Ne2+ 30. Kf1 Nf4 31. Kg1 Be7 32. Rg8+ Kd7 33.
Ra8 Rxg2+ 34. Kf1 Rh2 35. Rxa5 Rxh3 36. Ra7+ Ke8 37. Bb5+ Kf8 38. Ra8+ Kg7 39.
Ra7 Kf8 40. Ra8+ Kf7 41. Ra7 Rf3+ 42. Kg1 Re3 43. Ra4 Nd5 44. Rc4 Kg6 45. Rd4
Kf5 46. c4 Ke5 47. Rd1 Rxe4 48. cxd5 exd5 49. Bc6 Rg4+ 50. Kf2 Bc5+ 51. Kf3
Rf4+ 52. Kg3 Bf2+ 53. Kg2 Bd4 54. Kg3 Rf6 55. Re1+ Kd6 56. Bb7 Bf2+ 0-1

[Event "Kent league"]
[Site "?"]
[Date "1994.05.22"]
[Round "?"]
[White "Dickenson, N."]
[Black "Stebbings, A."]
[Result "1-0"]
[WhiteElo "2280"]
[BlackElo "2240"]
[PlyCount "53"]
[EventDate "1994.??.??"]

1. d4 Nf6 2. c4 e6 3. Nc3 Bb4 4. e3 c5 5. Bd3 Nc6 6. a3 Bxc3+ 7. bxc3 O-O 8.
Ne2 b6 9. O-O Ba6 10. e4 Ne8 11. f4 f5 12. Ng3 g6 13. dxc5 Na5 14. exf5 gxf5
15. Rb1 bxc5 16. Be3 Rc8 17. Bf2 Nd6 18. Re1 Bxc4 19. Re5 Bxd3 20. Qxd3 Nab7
21. Nh5 Rf7 22. Qg3+ Kh8 23. Rxc5 Rxc5 24. Bd4+ e5 25. fxe5 Rd5 26. e6+ Rxd4
27. exf7 1-0

[Event "National Club ch."]
[Site "?"]
[Date "1994.05.28"]
[Round "?"]
[White "Abayasekera, R."]
[Black "Stebbings, A."]
[Result "1/2-1/2"]
[WhiteElo "2256"]
[BlackElo "2240"]
[PlyCount "106"]
[EventDate "1994.??.??"]

1. e4 c5 2. c3 Nf6 3. e5 Nd5 4. d4 cxd4 5. Nf3 e6 6. cxd4 d6 7. a3 Bd7 8. Bd3
Bc6 9. O-O Nd7 10. b4 a6 11. Re1 Be7 12. Bd2 Rc8 13. Ra2 O-O 14. Rc2 Qb6 15.
Rc1 dxe5 16. dxe5 Rfd8 17. Nc3 Nxc3 18. Rxc3 Bb5 19. Bxh7+ Kf8 20. Rxc8 Rxc8
21. Be4 Bc6 22. Qb1 Bxe4 23. Qxe4 Kg8 24. h4 Qc6 25. Qxc6 Rxc6 26. Rc1 Rxc1+
27. Bxc1 Nb6 28. Kf1 Nc4 29. Ke2 b5 30. Kd3 Bd8 31. Ke4 a5 32. bxa5 Bxa5 33.
Nd4 b4 34. axb4 Bxb4 35. f4 g6 36. g4 Kg7 37. f5 exf5+ 38. gxf5 gxf5+ 39. Kxf5
Bd2 40. Bxd2 Nxd2 41. Kf4 Nc4 42. Nf5+ Kg6 43. Nd6 Nb6 44. Kg4 Nd7 45. h5+ Kg7
46. Nf5+ Kh7 47. Kf4 Nc5 48. Ng3 Kg7 49. Ne4 Ne6+ 50. Kg4 Nd4 51. Ng5 Nc6 52.
Nf3 Kh6 53. Kh4 Nb4 1/2-1/2

[Event "London league"]
[Site "?"]
[Date "1994.10.06"]
[Round "?"]
[White "Webb, L."]
[Black "Stebbings, A."]
[Result "0-1"]
[WhiteElo "2216"]
[BlackElo "2240"]
[PlyCount "77"]
[EventDate "1994.??.??"]

1. e4 c5 2. Nf3 e6 3. Nc3 a6 4. g3 Nc6 5. Bg2 d6 6. O-O Be7 7. d4 cxd4 8. Nxd4
Bd7 9. Be3 Nf6 10. a4 Nxd4 11. Bxd4 Bc6 12. a5 O-O 13. Qe2 Nd7 14. Rfd1 Qc7 15.
f4 e5 16. Be3 exf4 17. gxf4 Bf6 18. Qd2 Rad8 19. Qxd6 Qxd6 20. Rxd6 Bxc3 21.
bxc3 Nf6 22. Rxc6 bxc6 23. c4 Nxe4 24. Bxe4 Rde8 25. Bxc6 Rxe3 26. Bb7 Rfe8 27.
c5 Re1+ 28. Rxe1 Rxe1+ 29. Kf2 Rc1 30. Ke3 Rxc2 31. Kd4 Kf8 32. Bxa6 Ke7 33.
Bc4 Rxh2 34. a6 Rh1 35. Kd5 Kd7 36. Bb5+ Kc7 37. Be8 Ra1 38. Bxf7 Rxa6 39. Be8
0-1

[Event "Kent league"]
[Site "?"]
[Date "1994.10.14"]
[Round "?"]
[White "Harakis, A."]
[Black "Stebbings, A."]
[Result "0-1"]
[WhiteElo "2056"]
[BlackElo "2240"]
[PlyCount "54"]
[EventDate "1994.??.??"]

1. d4 Nf6 2. c4 e6 3. Nc3 Bb4 4. Nf3 c5 5. Bd2 O-O 6. a3 Bxc3 7. Bxc3 Ne4 8.
Qc2 Nxc3 9. Qxc3 cxd4 10. Nxd4 b6 11. e3 Bb7 12. Be2 Nc6 13. Nb5 d5 14. cxd5
Qxd5 15. Nc7 Qxg2 16. O-O-O Qxf2 17. Rhg1 g6 18. Bc4 Qf5 19. Rd7 Ne5 20. Rf1
Qxf1+ 21. Bxf1 Nxd7 22. Qd4 Rac8 23. Qxd7 Rxc7+ 24. Qxc7 Rc8 25. Qxc8+ Bxc8 26.
Kd2 Bb7 27. Kc3 Kg7 0-1

[Event "County match"]
[Site "?"]
[Date "1994.10.29"]
[Round "?"]
[White "Cooksey, P."]
[Black "Stebbings, A."]
[Result "1-0"]
[WhiteElo "2176"]
[BlackElo "2240"]
[PlyCount "83"]
[EventDate "1994.??.??"]

1. e4 c5 2. c3 Nf6 3. e5 Nd5 4. d4 cxd4 5. Nf3 e6 6. cxd4 d6 7. Nc3 Nxc3 8.
bxc3 Qc7 9. Bd2 Nd7 10. exd6 Bxd6 11. Bd3 b6 12. O-O Bb7 13. Re1 Rc8 14. h3 O-O
15. Rb1 Rfd8 16. a4 Bf4 17. Bxf4 Qxf4 18. Re3 g6 19. Qb3 Qd6 20. Rbe1 Bd5 21.
Qb2 Bc4 22. Bb1 Rc7 23. h4 Rdc8 24. h5 Bd5 25. Ng5 Nf6 26. Rh3 Nxh5 27. Nxh7
Nf4 28. Rh2 Nxg2 29. Re5 Nf4 30. Qd2 Rxc3 31. Nf6+ Kg7 32. Rh7+ Kf8 33. Rh8+
Ke7 34. Rxc8 Rxc8 35. Qxf4 Bb7 36. d5 Qc7 37. Kh2 Qc1 38. d6+ Kxd6 39. Rd5+ Ke7
40. Rd7+ Kf8 41. Nh7+ Kg7 42. Qxf7+ 1-0

[Event "London league"]
[Site "?"]
[Date "1994.11.14"]
[Round "?"]
[White "Stebbings, A."]
[Black "Vlahos, K."]
[Result "1-0"]
[WhiteElo "2240"]
[BlackElo "2160"]
[PlyCount "73"]
[EventDate "1994.??.??"]

1. e4 e5 2. Nf3 Nc6 3. Bb5 Bc5 4. c3 f5 5. d4 fxe4 6. Bxc6 dxc6 7. Nxe5 Bd6 8.
Qh5+ g6 9. Qe2 Qh4 10. h3 Bxe5 11. dxe5 Be6 12. Be3 O-O-O 13. Nd2 Re8 14. Bxa7
Qg5 15. Be3 Qf5 16. O-O Ne7 17. Bd4 g5 18. Nxe4 h5 19. Nf6 Ref8 20. Rfe1 Qg6
21. Bc5 Rf7 22. Qe4 Qxe4 23. Nxe4 Rg8 24. Nf6 Rh8 25. Ne4 Rg8 26. Nd6+ cxd6 27.
exd6 Bxh3 28. dxe7 Bd7 29. Rad1 Rf5 30. b4 Rd5 31. Rxd5 cxd5 32. Re5 Bc6 33.
Be3 g4 34. Rxh5 Kd7 35. Re5 Re8 36. Bg5 Ra8 37. b5 1-0

[Event "National Club ch."]
[Site "?"]
[Date "1994.12.03"]
[Round "?"]
[White "Stebbings, A."]
[Black "White, D."]
[Result "1-0"]
[WhiteElo "2240"]
[BlackElo "1768"]
[PlyCount "95"]
[EventDate "1994.??.??"]

1. e4 c5 2. Nf3 d6 3. d4 cxd4 4. Nxd4 Nf6 5. Nc3 g6 6. Be2 Bg7 7. O-O O-O 8.
Bg5 Nc6 9. Nb3 Be6 10. Kh1 Rc8 11. f4 Na5 12. f5 Bc4 13. Bd3 Bxd3 14. cxd3 Nxb3
15. axb3 a6 16. Qd2 Qb6 17. Be3 Qd8 18. Bd4 e5 19. Be3 d5 20. Bg5 dxe4 21. dxe4
Qxd2 22. Bxd2 Rfd8 23. Bg5 Rd6 24. Rad1 Rcd8 25. Nd5 Kh8 26. Rc1 Rf8 27. Bxf6
Bxf6 28. Rc7 b5 29. g4 Kg7 30. Kg2 Bd8 31. Rc8 Bg5 32. Rc5 Rfd8 33. Rf2 R8d7
34. Kg3 Bf4+ 35. Nxf4 exf4+ 36. Kxf4 Rd2 37. Rc2 Rxf2+ 38. Rxf2 Rd3 39. g5 Rxb3
40. f6+ Kf8 41. Rc2 Ke8 42. Rc8+ Kd7 43. Rf8 Ke6 44. Re8+ Kd6 45. e5+ Kd5 46.
Rd8+ Kc5 47. e6 fxe6 48. f7 1-0